书目信息 |
| 题名: |
司法鉴定通论
|
|
| 作者: | 霍宪丹 主编 | |
| 分册: | ||
| 出版信息: | 北京 法律出版社 2013 |
|
| 页数: | 375页 | |
| 开本: | 23cm | |
| 丛书名: | ||
| 单 册: | ||
| 中图分类: | D918.9 | |
| 科图分类: | ||
| 主题词: | 司法鉴定--高等学校--教材 , 司法鉴定 | |
| 电子资源: | ||
| ISBN: | 978-7-5118-4384-5 | |
| 000 | 01021nam0 2200265 450 | |
| 001 | 523 | |
| 005 | 20140905103215.71 | |
| 010 | @a978-7-5118-4384-5@dCNY48.00 | |
| 100 | @a20130322d2013 em y0chiy50 ea | |
| 101 | 0 | @achi |
| 102 | @aCN@b110000 | |
| 105 | @ay z 000yy | |
| 106 | @ar | |
| 200 | 1 | @a司法鉴定通论@ASi Fa Jian Ding Tong Lun@f霍宪丹主编@FHuo Xian Dan Zhu Bian |
| 205 | @a2版 | |
| 210 | @a北京@c法律出版社@d2013 | |
| 215 | @a375页@d23cm | |
| 300 | @a高等学校法学专业教材 司法部司法鉴定教育培训指定教材 司法部指定司法鉴定教育培训系列教材 | |
| 330 | @a本书注重司法鉴定理论与实践的结合,充分反映司法鉴定制度、司法鉴定技术及鉴定方法发展的最新成果,在保持理论深度的基础上对司法鉴定的基本原理、基础知识和基本内容做出系统、全面、准确的论述,提出了解决司法鉴定与司法实践相关问题的新思路。 | |
| 606 | 0 | @a司法鉴定@x高等学校@j教材 |
| 606 | 0 | @a司法鉴定 |
| 690 | @aD918.9@v5 | |
| 701 | 0 | @a霍宪丹@AHuo Xian Dan@f(1954.10~)@4主编 |
| 801 | 0 | @aCN@bTANGWEI@c20140603 |
| 905 | @b0841661-63@dD918.9@e567=2@f3 | |
| 司法鉴定通论/霍宪丹主编.-2版.-北京:法律出版社,2013 |
| 375页;23cm |
| 高等学校法学专业教材 司法部司法鉴定教育培训指定教材 司法部指定司法鉴定教育培训系列教材 |
| ISBN 978-7-5118-4384-5:CNY48.00 |
| 本书注重司法鉴定理论与实践的结合,充分反映司法鉴定制度、司法鉴定技术及鉴定方法发展的最新成果,在保持理论深度的基础上对司法鉴定的基本原理、基础知识和基本内容做出系统、全面、准确的论述,提出了解决司法鉴定与司法实践相关问题的新思路。 |
| ● |
| 相关链接 |
|
|
|
|
正题名:司法鉴定通论
索取号:D918.9/567=2
 
预约/预借
| 序号 | 登录号 | 条形码 | 馆藏地/架位号 | 状态 | 备注 |
| 1 | 0841661 | 208416613 | 第一样本阅览室/ [索取号:D918.9/567=2] | 在馆 | |
| 2 | 0841662 | 208416622 | 密集书库-史法系/ [索取号:D918.9/567=2] | 在馆 | |
| 3 | 0841663 | 208416631 | 第一借阅区/ [索取号:D918.9/567=2] | 在馆 |